000
00312nam a2200121Ia 4500
008
190216s9999||||xx |||||||||||||| ||und||
100
_a
Jagi Vp & Mathur Ab
245
0
_a
Iit Entrance Examination Mathematics
260
_b
Sulthan Chand&Sons
_c
1986
300
_a
487p
650
_a
Mathematics
942
_c
REF
999
_c
35756
_d
35756